Подробности
| 000 -МАРКЕР |
| контрольное поле |
01752nam0a2200337 4500 |
| 001 - ИДЕНТИФИКАТОР ЗАПИСИ |
| контрольное поле |
RU\NLR\bibl\561043 |
| 005 - ИДЕНТИФИКАТОР ВЕРСИИ |
| контрольное поле |
20260405064500.0 |
| 010 ## - МЕЖДУНАРОДНЫЙ СТАНДАРТНЫЙ НОМЕР КНИГИ (ISBN) |
| Номер (ISBN) |
5-09-010930-3 |
| Тираж |
2000 |
| 021 ## - НОМЕР ГОСУДАРСТВЕННОЙ РЕГИСТРАЦИИ |
| Код страны |
российская федерация |
| Номер |
2004-52417 |
| Номер Листа государственной регистраци |
2576 |
| 035 ## - ДРУГИЕ СИСТЕМНЫЕ НОМЕРА |
| Идентификатор записи |
(NLR Aleph) 000553159 |
| 100 ## - ДАННЫЕ ОБЩЕЙ ОБРАБОТКИ |
| Данные общей обработки |
20041011d2004 |||y0rusy50 ca |
| 101 0# - ЯЗЫК РЕСУРСА |
| Язык текста, звукозаписи и т.д. |
русский |
| -- |
французский |
| Язык оглавления |
французский |
| 102 ## - СТРАНА ПУБЛИКАЦИИ ИЛИ ПРОИЗВОДСТВА |
| Страна публикации |
российская федерация |
| 105 ## - ПОЛЕ КОДИРОВАННЫХ ДАННЫХ: ТЕКСТОВЫЕ МАТЕРИАЛЫ, МОНОГРАФИЧЕСКИЕ |
| Кодированные данные о монографическом текстовом документе |
a ||||||||| |
| 200 1# - ЗАГЛАВИЕ И СВЕДЕНИЯ ОБ ОТВЕТСТВЕННОСТИ |
| Основное заглавие |
Французский язык |
| Сведения, относящиеся к заглавию |
Сб. упражнений к учеб. для XI кл. шк. с углубл. изучением фр. яз. |
| Первые сведения об ответственности |
Г.И. Бубнова, А.Н. Тарасова |
| 210 ## - ПУБЛИКАЦИЯ, РАСПРОСТРАНЕНИЕ И ДР. |
| Место издания, распространения и т.д. |
М. |
| Имя издателя, распространителя и т. д. |
Просвещение |
| Дата издания, распространения и т.д. |
2004 |
| 215 ## - ФИЗИЧЕСКАЯ ХАРАКТЕРИСТИКА |
| Специфическое обозначение материала и объем |
159 с. |
| Другие сведения о физической характеристике |
ил. |
| Размеры |
24 |
| 300 ## - ОБЩИЕ ПРИМЕЧАНИЯ |
| Текст примечания |
На обл.: Le français en perspecrive. XI: Cahier d'exercices/ G. Boubnova, A. Tarasova |
| 512 1# - ЗАГЛАВИЕ ОБЛОЖКИ |
| Связь между полями |
z01790 |
| Заглавие обложки |
Le français en perspecrive. XI |
| Сведения, относящиеся к заглавию |
Cahier d'exercices |
| 606 0# - НАИМЕНОВАНИЕ ТЕМЫ КАК ПРЕДМЕТ |
| Наименование темы |
Французский язык |
| Формальный подзаголовок |
Учебные издания для специализированных учебных заведений |
| Системный номер авторитетной/нормативной записи |
1524672 |
| Идентификатор авторитетной/нормативной записи |
RU\NLR\auth\66964829 |
| 686 ## - ИНДЕКСЫ ДРУГИХ КЛАССИФИКАЦИЙ |
| Индекс |
Ш147.11-93рус221[9] |
| 700 #1 - ИМЯ ЛИЦА - ПЕРВИЧНАЯ ОТВЕТСТВЕННОСТЬ |
| Код отношения |
Автор |
| Материалы, к которым относится поле |
rus |
| Графика поля |
Кириллица |
| Начальный элемент ввода |
Бубнова |
| Часть имени, кроме начального элемента ввода |
Г.И. |
| Даты |
1945- |
| Расширение инициалов личного имени |
Галина Ильинична |
| Идентификатор авторитетной/нормативной записи |
RU\NLR\auth\7722563 |
| Системный номер авторитетной/нормативной записи |
5620 |
| 701 #1 - ИМЯ ЛИЦА - АЛЬТЕРНАТИВНАЯ ОТВЕТСТВЕННОСТЬ |
| Код отношения |
Автор |
| Материалы, к которым относится поле |
rus |
| Графика поля |
Кириллица |
| Начальный элемент ввода |
Тарасова |
| Часть имени, кроме начального элемента ввода |
А. Н. |
| Дополнения к именам, кроме дат |
д-р филол. наук, французский язык |
| Расширение инициалов личного имени |
Анна Николаевна |
| Идентификатор авторитетной/нормативной записи |
RU\NLR\auth\7722566 |
| Системный номер авторитетной/нормативной записи |
5623 |
| 790 #1 - ИМЯ ЛИЦА - АЛЬТЕРНАТИВНАЯ ФОРМА |
| Код отношения |
Автор |
| Материалы, к которым относится поле |
rus |
| Графика поля |
Латинская |
| Начальный элемент ввода |
Bubnova |
| Часть имени, кроме начального элемента ввода |
G.I. |
| Даты |
1945- |
| Расширение инициалов личного имени |
Galina Il'inična |
| Идентификатор авторитетной/нормативной записи |
RU\NLR\auth\7722564 |
| Системный номер авторитетной/нормативной записи |
5621 |
| 790 #1 - ИМЯ ЛИЦА - АЛЬТЕРНАТИВНАЯ ФОРМА |
| Код отношения |
Автор |
| Материалы, к которым относится поле |
rus |
| Графика поля |
Латинская |
| Начальный элемент ввода |
Tarasova |
| Часть имени, кроме начального элемента ввода |
A. N. |
| Дополнения к именам, кроме дат |
д-р филол. наук, французский язык |
| Расширение инициалов личного имени |
Anna Nikolaevna |
| Идентификатор авторитетной/нормативной записи |
RU\NLR\auth\7722567 |
| Системный номер авторитетной/нормативной записи |
5624 |
| 801 #0 - ИСТОЧНИК ЗАПИСИ |
| Страна |
российская федерация |
| Организация |
NLR |
| Дата составления |
20041011 |
| Правила каталогизации |
PSBO |
| 801 #1 - ИСТОЧНИК ЗАПИСИ |
| Страна |
российская федерация |
| Организация |
NLR |
| Дата составления |
20041011 |
| 942 ## - ДОПОЛНИТЕЛЬНЫЕ ЭЛЕМЕНТЫ ЗАПИСИ (АБИС) |
| Тип экземпляра АБИС |
Книга |
| 980 ## - КОЛЛЕКЦИЯ |
| Название коллекции |
Национальная библиография |